000 00494nam a2200145Ia 4500
008 230917s9999||||xx |||||||||||||| ||und||
040 _e83402
_aMAIN
041 _aEnglish
082 _a005.1 R137S
100 _aRajaraman, V, ed
245 0 _aSoftware technology: Challenges and opportunities; Proceedings of the Indian national academy of engineering discussion meeting Bangalore, India 5-6 June 1992
260 _aNew Delhi
_bTata McGraw-Hill
_c1993
300 _axvii, 161 p.
942 _cBK
999 _c77993
_d77993